| 000 | 00388nam a22001217a 4500 | ||
|---|---|---|---|
| 008 | 230605b xxu||||| |||| 00| 0 eng d | ||
| 082 |
_a328.3676205 _bGIC |
||
| 100 |
_cH.B.Ndoria Gicheru _d1976 |
||
| 245 |
_aRepublic Of Kenya National Assembly _bParliamentary Practice In Kenya _cH.B. Ndoria Gicheru |
||
| 260 |
_aNairobi _bTransafrica Publishers Ltd _c1976 |
||
| 300 | _a228 p | ||
| 942 |
_2ddc _cBK |
||
| 999 |
_c418 _d418 |
||